Sports Quiz

Random Sports or NHL Quiz

2011-2012 Chicago Blackhawks Roster Quiz Stats

 Plays Quiz not verified by Sporcle

Score 0/28 Timer 05:00
0 Plays Today
Player Number Player Names % Correct
88Patrick Kane
97.4%
19Jonathan Toews
97.4%
65Andrew Shaw
95.8%
50Corey Crawford
94.9%
81Marian Hossa
94.9%
2Duncan Keith
94.9%
10Patrick Sharp
94.9%
30Ray Emery
92.3%
7Brent Seabrook
92.3%
8Nick Leddy
89.7%
27Johnny Oduya
87.5%
29Bryan Bickell
87.2%
36Dave Bolland
84.6%
4Niklas Hjalmarsson
84.6%
Player Number Player Names % Correct
67Michael Frolik
82.1%
16Marcus Kruger
79.5%
13Daniel Carcillo
76.9%
25Viktor Stalberg
76.9%
52Brandon Bollig
70.8%
15Andrew Brunette
69.2%
22Jamal Mayers
69.2%
5Steve Montador
64.1%
6Sean O'Donnell
62.5%
20Sami Lepisto
61.5%
39Jimmy Hayes
59%
17Brendan Morrison
56.4%
34Dylan Olsen
48.7%
38Carter Hutton
8.3%

You're not logged in!

Compare scores with friends on all Sporcle quizzes.
OR
Log In

Show Comments

Extras

Created Feb 25, 2012SourceReportNominate
Tags:Hockey Quiz, NHL Quiz

Top Quizzes Today


Score Distribution

Your Account Isn't Verified!

In order to create a playlist on Sporcle, you need to verify the email address you used during registration. Go to your Sporcle Settings to finish the process.

Report this User

Report this user for behavior that violates our Community Guidelines.

Details: